| 000 | 01156naa a22002657a 4500 | ||
|---|---|---|---|
| 001 | BR7902375 | ||
| 003 | BR-BrBNA | ||
| 005 | 20240918174345.0 | ||
| 007 | ta | ||
| 008 | 230509b bl.||||| |||| 00| 0 por d | ||
| 040 |
_aBR-BrBNA _bpor _cBiblioteca Nacional de Agricultura |
||
| 041 | _a(Pt) | ||
| 072 |
_aS10 _b0175 _bG514 |
||
| 090 | _aS10 BR7902375 | ||
| 100 | 1 | _aBergmann, F.W. | |
| 111 | 1 |
_a10. Reuniao anual Conjunta de Pesquisa do Trigo _cPorto Alegre, RS (Brazil) _d3 Apr 1978 |
|
| 245 | 1 | _aEstudo da qualidade industrial dos ensaios regional e brasileiro de triticale [valor nutritivo, Triticale hexaploide, Brasil] | |
| 260 | 3 |
_aPorto Alegre, RS (Brasil): _c1978. |
|
| 500 | _aContribuicao do Centro de Experimentacao e Pesquisa a 10. Reuniao Anual Conjunta de Pesquisa do Trigo Porto Alegre, RS (Brasil): 1978. p. 19-27 (BR7902375-AM)S10 | ||
| 650 | _aTRITICALE | ||
| 650 | _aVALOR NUTRITIVO | ||
| 773 | 0 |
_tContribuicao do Centro de Experimentacao e Pesquisa a 10. Reuniao Anual Conjunta de Pesquisa do Trigo _b _wS10 BR7902375 _gPorto Alegre, RS (Brasil), 1978. p. 19-27 |
|
| 909 |
_a202404 _bLucia _c55 _dLucia Elande |
||
| 942 |
_cAM _2AGRIS |
||
| 999 |
_c310704 _d310704 |
||